• 首页
  • 本馆介绍
  • 公告通知
  • 最新文献
  • 馆藏检索
  • 电子资源
  • 读者导购
  • 参考咨询
  • 我的图书馆
  • 登录
  • 详细信息显示
  • 放入我的书架
  • 预约/预借图书
  • 作者相关作品
  • 分类相关作品
  • 丛书相关作品
  • 出版社相关作品

书目信息

  • 表格格式
  • 工作单格式
  • 卡片格式
题名:
MATLAB & Excel定量预测与决策
    
 
作者: 张建林 编著
分册:  
出版信息: 北京   电子工业出版社  2012
页数: 16,494页
开本: 26cm
丛书名:
单 册:
中图分类: TP312MA , TP391.13
科图分类:
主题词: Matlab软件--高等学校--教材 , 表处理软件--高等学校--教材 , Matlab软件 , 表处理软件
电子资源:
ISBN: 978-7-121-17750-7
000 01278nam0 2200301 450
001 523
005 20140910091218.75
010    @a978-7-121-17750-7@dCNY65.00
100    @a20120925d2012 em y0chiy50 ea
101 0  @achi
102    @aCN@b110000
105    @ay z 000yy
106    @ar
200 1  @aMATLAB & Excel定量预测与决策@AMATLAB & Excel Ding Liang Yu Ce Yu Jue Ce@e运作案例精编@EYun Zuo An Li Jing Bian@f张建林编著@FZhang Jian Lin Bian Zhu
210    @a北京@c电子工业出版社@d2012
215    @a16,494页@d26cm@e附光盘1片
300    @a统计分析教材
307    @a附光盘:ISBN 978-7-89432-441-2
330    @a本书主要内容是应用MATLAB和Excel实现生产运作中的定量预测与决策方法的建模和模拟求解,共四篇,第一篇为软件应用基础篇,介绍MATLAB和Excel的基本用法;第二篇为经典预测方法篇,包括时间序列、线性回归、曲线回归等内容;第三篇为最优规划决策篇,包括线性规划、非线性规划等内容;第四篇为经典决策方法篇,包括确定型、非确定型、风险型、多目标及智能启发优化。
606 0  @aMatlab软件@x高等学校@j教材
606 0  @a表处理软件@x高等学校@j教材
606 0  @aMatlab软件
606 0  @a表处理软件
690    @aTP312MA@v5
690    @aTP391.13@v5
701  0 @a张建林@AZhang Jian Lin@c(管理学)@4编著
801  0 @aCN@bTANGWEI@c20140603
905    @b0841877-79@dTP312MA@e893@f3
    
    MATLAB & Excel定量预测与决策:运作案例精编/张建林编著.-北京:电子工业出版社,2012
    16,494页;26cm+附光盘1片
    统计分析教材
    
    ISBN 978-7-121-17750-7:CNY65.00
    本书主要内容是应用MATLAB和Excel实现生产运作中的定量预测与决策方法的建模和模拟求解,共四篇,第一篇为软件应用基础篇,介绍MATLAB和Excel的基本用法;第二篇为经典预测方法篇,包括时间序列、线性回归、曲线回归等内容;第三篇为最优规划决策篇,包括线性规划、非线性规划等内容;第四篇为经典决策方法篇,包括确定型、非确定型、风险型、多目标及智能启发优化。
●
相关链接 在E读中查询图书 在五车中查询图书 在当当中查询图书 在豆瓣中查询图书


正题名:MATLAB & Excel定量预测与决策     索取号:TP312MA/893         预约/预借

序号 登录号 条形码 馆藏地/架位号 状态 备注
1 0841877   208418773   第二样本阅览室/ [索取号:TP312MA/893] 在馆    
2 0841878   208418782   第三借阅区/ [索取号:TP312MA/893] 在馆    
3 0841879   208418791   密集书库—计算机科学学院/ [索取号:TP312MA/893] 在馆    
唐山师范学院图书馆 欢迎您!
大连网信软件有限公司© 版权所有